Miasta Mazowsza - Statystyki

Ogólne statystyki
  • Ten quiz został rozwiązany 81 razy
  • Średni wynik to 12 z 23
Statystyki odpowiedzi
Miasto Ludność % Poprawnych
Warszawa 1 861 975
100%
Płock 112 483
82%
Pruszków 65 321
75%
Ostrołęka 48 712
67%
Legionowo 52 792
65%
Piaseczno 52 017
60%
Łomża 60 128
58%
Sochaczew 33 698
57%
Ciechanów 41 980
55%
Mińsk Mazowiecki 40 083
55%
Żyrardów 38 784
55%
Otwock 44 096
53%
Wołomin 35 821
53%
Ząbki 45 013
50%
Grodzisk Mazowiecki 34 448
48%
Marki 44 387
43%
Mława 30 831
42%
Nowy Dwór Mazowiecki 28 573
40%
Skierniewice 45 560
40%
Wyszków 26 132
40%
Łowicz 26 247
32%
Kutno 41 231
22%
Kobyłka 27 998
18%
Nie znaleziono quizów pasujących do podanych kryteriów
Rozkład punktacji
Procent ludzi z każdym wynikiem
Percentyl według liczby udzielonych odpowiedzi
Twoja historia wyników
Nie rozwiązałeś tego quizu